1277 1914 1697 1312 1715 1081 1097 1066 1837 1143 1162 1174 1406 1105 1911 1987 1535 1275 1848 1203 1565 1259 1457 1307 1215 1587 1229 1965 1869 1730 1367 1968 1617 1134 1830 1027 1623 1058 1612 1373 1815 1204 1721 1680 1239 1370 1126 1508 1580 1209 1980 1805 1523 1682 1228 1961 1014 1087 1335 1326 1177 1179 1032 1047 1328 1021 1493 1910 1690 1149 1646 1961 1276 1396 1816 1184 1418 1297 1050 1062 1601 1687 1911 1109 1187 1518 1369 1493 1526 1256 1612 1334 1804 1479 1977 1233 1627 1672 1517 BCNSPRNW ULIB Ver.6.0+V

เปลี่ยนเป็นภาษาไทย

Change to English
 แสดงรายละเอียดบรรณานุกรม
  กลับหน้าหลัก

Brief Record : Get Marc (ISO 2709) : E-mail record : QR code < ปิดหน้าต่าง
LEADER : 00000nam 2200000uu 4500
001    13399110160
003     ULIB
008    110425s2553||||th 000 0 tha d
020    9786161103934
060  4 WX215^bl882น 2553
100 0  สุวิภา นิตยากูร, สุนทรี อภิญญานนท์ และกนกวรรณ พึ่งรัศมี,ผู้เรียบเรียง
245 00 แนวทางการพัฒนาระบบการส่งต่อผู้ป่วย=^n Guidelines of referral system development./^cสุวิภา นิตยากูร, สุนทรี อภิญญานนท์ และกนกวรรณ พึ่งรัศมี,ผู้เรียบเรียง
260    นนทบุรี:^bสำนักบริหารการสาธารณสุข สำนักงานปลัดกระทรวงสาธารณสุข,^c2553
300    152 หน้า:^bภาพประกอบ
650  7 ระบบการส่งต่อผู้ป่วย
650  7 Referral System
700 0  สุนทรี อภิญญานนท์
700 0  กนกวรรณ พึ่งรัศมี
945    ^p0^l0^i030003
945    ^p0^l0^i030001
945    ^p0^l0^i030002
995    เกษร
999 ^a ใช้งานได้ทุกระบบ
รายการนี้ยังไม่มีแท็ก
คุณยังไม่ได้ล็อกอิน คุณสามารถมีกิจกรรมร่วมกับเว็บไซต์ได้ แต่ต้องล็อกอินก่อน ::
  ล็อกอิน

รายการสื่อสารสนเทศ

ลำดับที่ ประเภท เลขเรียก/บาร์โค้ด สถานที่ สถานะ
1. วิทยาศาสตร์การแพทย์ และสุขภาพ
หนังสือสำรอง
สถานะ=หนังสือสำรอง
WX215 l882น 2553 ฉ.1 
  Barcode: 030001
ห้องสมุดวิทยาเขตสวรรค์ประชารักษ์
►ส่วนจัดเก็บหนังสือเก่า สปร
บนชั้น
  ขอยืม
2. วิทยาศาสตร์การแพทย์ และสุขภาพ
วิทยาศาสตร์การแพทย์ และสุขภาพ
WX215 l882น 2553 ฉ.2 
  Barcode: 030002
ห้องสมุดวิทยาเขตสวรรค์ประชารักษ์
►ส่วนจัดเก็บหนังสือเก่า สปร
บนชั้น
  ขอยืม
3. วิทยาศาสตร์การแพทย์ และสุขภาพ
วิทยาศาสตร์การแพทย์ และสุขภาพ
WX215 l882น 2553 ฉ.3 
  Barcode: 030003
ห้องสมุดวิทยาเขตสวรรค์ประชารักษ์
►ส่วนจัดเก็บหนังสือเก่า สปร
บนชั้น
  ขอยืม

BibComment


ยังไม่เคยถูกคอมเมนท์

คอมเมนท์ทรัพยากรรายการนี้
  คอมเมนท์: แนวทางการพัฒนาระบ..


 Copyright 2026. Bcnsprnw @Library